000 01776nam a2200301 i 4500
003 DO-SdBNP
005 20240415143840.0
006 a||||gr|||| 00| 0
007 ta
008 240415e1996 dr ahc|| |||| 00| e spa d
020 _a8484002055
040 _aDO-SdBNP
_bspa
_cBNPHU
_erda
082 4 _222
_a324.97293
_bN964t
100 1 _aNúñez Collado, Agripino
_d1933-2022
_98457
_eautor
245 1 0 _aTestigo de una crisis ... diez años después /
_cMonseñor Agripino Núñez Collado; Cuidado edición, Angel Peña
264 4 _aSanto Domingo :
_bPUCMM,
_c©1996.
300 _a220 páginas :
_bIlustraciones, facsímil, retratos ;
_c23 cm.
336 _2rdacontent
_atexto
_btxt
337 _2rdamedia
_asin mediación
_bn
338 _2rdacarrier
_avolumen
_bnc
490 _aDocumentos
500 _aIncluye datos biográficos del autor en la solapa de las cubiertas.
500 _ancluye índice Onomástico.
505 _aPresentación por su Eminencia Reverendísima Nicolás de Jesús Cardenal López Rodríguez.
_tMi propósito.-- Antecedentes.-- Reunión en la casa del Arzobispo.-- Apoyo Público.-- Decreto 383-86.-- La Iglesia y la sociedad Civil.-- Inicio de los Trabajos.-- La Junta Central Electoral.--Quejas de los Partidos.-- Las Alianzas.-- Vísperas del 16 de Mayo.-- Los Candidatos.-- El 16 de Mayo.-- Inicio del Conteo de los Votos.-- "El Pueblo Dominicano ha hablado".-- "La Noche Rondón".-- Entrevista con Jacobo Majluta.-- Entrevista con Jorge Blanco.-- Resultados Finales.--
_tBoletín 27.-- La Actitud de Jacobo Majluta.-- Espistolario de Majluta.-- El Presidente del Senado.-- Conclusiones.-- Cronología.-- Anexos.-- Índice Onomástico.
590 _aInventariado 2024 / MF
700 1 _aPeña, Angel,
_973886
_eeditor
942 _2ddc
_cLBS1
999 _c56413
_d56413